000 00211 a2200097 4500
001 17383
100 _aGordon T
245 _aL.E.T leader effectiveness training
260 _a
_bF.P.L
_c
090 _c12843
_d12843
942 _aNUST-CAE
_cM
_c3162
999 _c252456
_d252456